000
00296nam a22001337a 4500
008
180824b xxu||||| |||| 00| 0 eng d
020
_a
15552611
041
_a
eng
080
_a
621
100
_a
26
101
_a
ENG
245
_a
HOGARTH THE COMPLETE ENGRAVINGS
_c
BURKE.J
942
_2
udc
_c
BK
999
_c
47297
_d
47297